| 000 | 00854nmm a2200301 a 4500 | ||
|---|---|---|---|
| 003 | AR-BaBNM | ||
| 005 | 20251128202647.0 | ||
| 008 | 145020s1989 ||||||||||||||000 | spa|| | ||
| 040 | _cAR-BaBNM | ||
| 100 | 1 | _aRiccardi, Alberto C. | |
| 245 | 1 | 0 | _aLas ideas y la obra de Francisco Pascasio Moreno |
| 250 | _a1ª ed. | ||
| 260 |
_aLa Plata _bFundación Museo de La Plata "Francisco Pascasio Moreno" _c1989 |
||
| 300 | 0 | _a32 p. | |
| 500 | 0 | _aCon el apoyo de Laboratorios Bagó | |
| 600 | 1 | 4 | _aMoreno, Francisco Pascacio |
| 610 | 2 | 4 | _aMuseo de La Plata "Fransisco Pascasio Moreno" |
| 650 | 4 | _aEXPLORACION GEOGRAFICA | |
| 650 | 4 | _aINVESTIGACION GEOGRAFICA | |
| 650 | 4 | _aANTROPOLOGIA | |
| 650 | 4 | _aPALEONTOLOGIA | |
| 651 | 4 | _aPatagonia | |
| 653 | 0 | _aVIAJEROS | |
| 653 | _aLIMITES | ||
| 655 | _aBIOGRAFIAS | ||
| 942 | _cBK | ||
| 998 | _ccalidad | ||
| 999 |
_c16 _d16 |
||